Catedral de Barcelona / descripción artístico-arqueológica de Don Francisco Rogent y Pedrosa ; precedida de un resumen histórico por Don Cayetano Soler ; ilustrada con 50 láminas en fototípia y gran cantidad de autotípias de J. Furnells
Descripción Física:
74 p., [34] f. de làm. : il. ; 40 cm
Colección:
España artística arqueológica monumental
Materias:
Catedral de Barcelona
MARC
| LEADER | 00000nam a2200000Ia 4500 | ||
|---|---|---|---|
| 001 | 12903 | ||
| 008 | 160829s1898 xx 000 0 cat d | ||
| 080 | |a R-12-82 | ||
| 100 | |a Rogent y Pedrosa, Francisco |9 34616 | ||
| 245 | |a Catedral de Barcelona / descripción artístico-arqueológica de Don Francisco Rogent y Pedrosa ; precedida de un resumen histórico por Don Cayetano Soler ; ilustrada con 50 láminas en fototípia y gran cantidad de autotípias de J. Furnells | ||
| 260 | |a Barcelona : |b Parera y Cia, |c 1898 | ||
| 300 | |a 74 p., [34] f. de làm. : |b il. ; |c 40 cm | ||
| 490 | |a España artística arqueológica monumental | ||
| 590 | |a Dintre d'una carpeta | ||
| 610 | 2 | 0 | |a Catedral de Barcelona |9 54780 |
| 700 | |a Soler, Cayetano, pr. |9 34617 | ||
| 700 | 1 | |a Furnells, Joan |9 34618 | |
| 901 | |a Arxiu | ||
| 942 | |n 1 | ||
| 952 | |0 0 |1 0 |4 0 |6 R1282 |7 1 |9 46585 |a Arxiu |b Arxiu |d 2016-12-01 |l 0 |o R-12-82 |p 12903 |r 2016-12-01 00:00:00 |w 2016-12-01 |y ARXIU | ||
| 999 | |c 50378 |d 50378 | ||